Statistiques concernant Joueurs de pétanque français - spécial joueurs emblématiques

Cliquez ici pour prendre le quiz!

Statistiques générales

  • Ce quiz a été pris 61 fois
  • Le résultat moyen est 5 sur 10

Statistiques - réponses

Réponse% Correct
Dylan rocher
93%
Philippe suchaud
77%
Henri lacroix
64%
Christian fazzino
61%
Phillipe quintais
45%
Michel loy
43%
Damien hureau
34%
Bruno le boursicaud
32%
Jean marc foyot
25%
Pascal milei
14%

Distribution des résultats

Percentile par nombre de réponses

% des personnes avec chaque résultat

Votre développement - résultats

Vous n’avez pas pris ce quiz